[Event "HUN-chT2 Erkel 0910"]
[Site "Hungary"]
[Date "2009.11.08"]
[Round "1.11"]
[White "Gaspar, Imre"]
[Black "Vit, Daniel"]
[Result "0-1"]
[WhiteElo "1999"]
[BlackElo "1795"]
[PlyCount "78"]
[EventDate "2009.11.08"]
[EventType "team-tourn"]
[EventRounds "11"]
[EventCountry "HUN"]
[SourceTitle "EXT 2011"]
[Source "ChessBase"]
[SourceDate "2010.11.26"]
[SourceVersion "1"]
[SourceVersionDate "2010.11.26"]
[SourceQuality "1"]
[WhiteTeam "Barcza"]
[BlackTeam "Jaszbereny"]
[WhiteTeamCountry "HUN"]
[BlackTeamCountry "HUN"]

1. e4 c6 2. d4 d5 3. Nc3 dxe4 4. Nxe4 Bf5 5. Ng3 Bg6 6. Nf3 Nf6 7. h4 h6 8. h5 Bh7 9. Bd3 Bxd3 10. Qxd3 Nbd7 11. Bf4 e6 12. 0-0-0 Qa5 13. Kb1 0-0-0 14. Bd2 Qc7 15. Ne4 Nxe4 16. Qxe4 Nf6 17. Qe2 Bd6 18. c4 Rhf8 19. Bc3 Be7 20. Ne5 Kb8 21. g4 Bd6 22. f4 Nd7 23. Rhf1 f6 24. Ng6 Rfe8 25. Rde1 a6 26. c5 Bf8 27. Qc4 b5 28. cxb6 Nxb6 29. Qxa6 Qb7 30. Qxb7+ Kxb7 31. Nxf8 Rxf8 32. Rxe6 Nd5 33. f5 Ra8 34. Rc1 Rfc8 35. Be1 Ra4 36. Rd1 Rca8 37. a3 R8a6 38. Bg3 Rb6 39. Ka1 Rc4 0-1

[Event "HUN-ch U16"]
[Site "Balatonlelle"]
[Date "2009.06.27"]
[Round "1"]
[White "Makk, Robert"]
[Black "Vit, Daniel"]
[Result "1-0"]
[WhiteElo "2057"]
[BlackElo "1781"]
[PlyCount "89"]
[EventDate "2009.06.27"]
[EventType "swiss"]
[EventRounds "9"]
[EventCountry "HUN"]
[SourceTitle "EXT 2011"]
[Source "ChessBase"]
[SourceDate "2010.11.26"]
[SourceVersion "1"]
[SourceVersionDate "2010.11.26"]
[SourceQuality "1"]

1. e4 c5 2. Nf3 d6 3. d4 cxd4 4. Nxd4 Nf6 5. Nc3 a6 6. Bc4 e6 7. Bb3 b5 8. 0-0 Be7 9. Qf3 Qc7 10. Qg3 0-0 11. Bh6 Ne8 12. Rad1 Bd7 13. Nf3 Nc6 14. Bf4 b4 15. Ne2 Qb7 16. e5 d5 17. Nfd4 Nxd4 18. Nxd4 a5 19. c3 bxc3 20. Qxc3 a4 21. Bc2 f5 22. b3 Nc7 23. bxa4 Bxa4 24. Rb1 Qc8 25. Bxa4 Rxa4 26. Rfc1 Rc4 27. Qd2 Rxc1+ 28. Rxc1 Qd7 29. Qa5 Rc8 30. g3 Ne8 31. Qb6 Rxc1+ 32. Bxc1 Kf7 33. a4 Bd8 34. Qc6 Qe7 35. h4 Nc7 36. Bg5 Qe8 37. Bxd8 Qxd8 38. a5 Qb8 39. Qd7+ Kg8 40. Nxe6 Qb1+ 41. Kh2 Nxe6 42. Qxe6+ Kf8 43. Qd6+ Ke8 44. e6 Qb5 45. a6 1-0

[Event "Budapest Spring op 25th"]
[Site "Budapest"]
[Date "2009.03.27"]
[Round "8"]
[White "Vit, Daniel"]
[Black "Szoukup, Istvan"]
[Result "1-0"]
[WhiteElo "1756"]
[BlackElo "1793"]
[PlyCount "41"]
[EventDate "2009.03.20"]
[EventType "swiss"]
[EventRounds "9"]
[EventCountry "HUN"]
[SourceTitle "CBM 129 Extra"]
[Source "ChessBase"]
[SourceDate "2009.05.05"]
[SourceVersion "2"]
[SourceVersionDate "2009.05.20"]
[SourceQuality "1"]

1. e4 e5 2. Nf3 Nc6 3. Bb5 a6 4. Ba4 Nf6 5. 0-0 Be7 6. Re1 b5 7. Bb3 0-0 8. c3 d5 9. exd5 Nxd5 10. Nxe5 Nxe5 11. Rxe5 c6 12. d3 Bd6 13. Re1 Qh4 14. g3 Qh3 15. Re4 g5 16. Bxg5 Qf5 17. Bh6 Rd8 18. Qd2 f6 19. a4 Qf3 20. Bd1 Qf5 21. Rg4+ 1-0

[Event "HUN-chT U18"]
[Site "Miskolc"]
[Date "2008.10.27"]
[Round "1.8"]
[White "Vit, Daniel"]
[Black "Makk, Robert"]
[Result "0-1"]
[WhiteElo "1743"]
[BlackElo "2023"]
[PlyCount "60"]
[EventDate "2008.10.27"]
[EventType "team-swiss"]
[EventRounds "8"]
[EventCountry "HUN"]
[SourceTitle "EXT 2016"]
[Source "ChessBase"]
[SourceDate "2015.10.08"]
[SourceVersion "1"]
[SourceVersionDate "2015.10.08"]
[SourceQuality "1"]

1. e4 c5 2. Nf3 d6 3. d4 cxd4 4. Nxd4 Nf6 5. Nc3 g6 6. Be3 Bg7 7. f3 0-0 8. Qd2 Nc6 9. Bc4 Bd7 10. 0-0-0 Qa5 11. Bb3 Rfc8 12. Kb1 Ne5 13. h4 Nc4 14. Bxc4 Rxc4 15. Nb3 Qc7 16. Bd4 Bc6 17. h5 b5 18. hxg6 hxg6 19. Qe2 a5 20. e5 dxe5 21. Bxe5 Qb7 22. Nd2 Rc5 23. Nb3 Rxe5 24. Qxe5 Ne4 25. Qh2 Nf2 26. Rdf1 Nxh1 27. Rxh1 b4 28. Nc5 Qb6 29. N3e4 Bxe4 30. Nxe4 Qd4 0-1